| 000 | 00858nam a2200253 i 4500 | ||
|---|---|---|---|
| 001 | 170229 | ||
| 003 | ES-MaACL | ||
| 005 | 20230906214326.0 | ||
| 008 | 090213s1996 fr |||| | fre d | ||
| 020 | _a2-01-018721-0 | ||
| 080 | _a808 | ||
| 080 | _a162.6 | ||
| 100 | 1 |
_aDesbordes, Françoise. _9139445 |
|
| 245 | 1 | 3 |
_aLa rhétorique antique _b: l'art de persuader / _cFrançoise Desbordes. |
| 260 |
_aParis : _bHachette Supérieur, _c1996. |
||
| 300 |
_a303 p. ; _c23 cm. |
||
| 490 | 1 | _aHachette université. Langues et civilisations anciennes | |
| 504 | _aBibliografía. | ||
| 650 | 0 | 4 |
_aRetórica. _916882 |
| 650 | 0 | 4 |
_aRetórica- _xFilosofía. _916884 |
| 830 | 0 |
_aHachette université. Langues et civilisations anciennes _9222992 |
|
| 852 | 4 |
_aES-MaACL _jE-12456 _9R.140586 _z. - Biblioteca Jacinto Martínez Lacalle |
|
| 999 |
_c170229 _d170229 |
||